00912nam a2200229 a 450000100100000000500170001000800410002702000220006804000250009008200150011510000270013024501280015726000440028530000280032950000600035759000260041770000360044370000380047970000350051795201130055299900170066500004874720201002061357.0190411s2004 dr a 000 0 spa d a97898673534763003 aDO-SdBNPbspacBNPHU axxxxbR7891 aRosario, Martha97620210aEn la mesa de todos :bMartha y lo de hoy /cMercedes María Rosario ; Antonio Taveras, Jualián Morillo, Héctor Bueno. aSanto Domingo :bEditora SRL,c[200-?]. a299 p. :bil. ;c23 cm. aIncluye datos biográficos de la autora en las solapas aInventariado, 2019/LP1 aTaveras, Antonio,ecorr.9762031 aMorillo, Jualián,ecorr.9762041 aBueno, Héctor,ecorr.928207 0010718PDaPDbPDcHDd2019-04-11iLF1l0oxxxx R789p48747-10r2020-06-25w2020-06-25yLFPDZNo se presta c48235d48235